000 00323nam a22001457a 4500
003 SGT
082 _a612.015
_bV02G
100 _aGOWENLOCK, ALAM H.
245 _aVAREY'S PRACTICAL CLINICAL BIOCHEMISTRY
250 _a6TH
260 _aINDIA
_bCBS
_c2002
300 _a1050
650 _aBIOCHEMISTRY
942 _2ddc
_cBK
999 _c10545
_d10545